Automatic Seed Sowing Robot / (Record no. 615960)
[ view plain ]
| 000 -LEADER | |
|---|---|
| fixed length control field | 00670nam a22001697a 4500 |
| 003 - CONTROL NUMBER IDENTIFIER | |
| control field | NUST |
| 082 ## - DEWEY DECIMAL CLASSIFICATION NUMBER | |
| Classification number | 621.382,RIA |
| 100 ## - MAIN ENTRY--PERSONAL NAME | |
| Personal name | Riaz, Rana Farid |
| 9 (RLIN) | 132941 |
| 245 ## - TITLE STATEMENT | |
| Title | Automatic Seed Sowing Robot / |
| Statement of responsibility, etc. | Rana Farid Riaz, Malik Muhammad Saddam, Muhammad Hamza Bin Zahid and Muhammad Kamran (BETE-54 /TCC-29) |
| 260 ## - PUBLICATION, DISTRIBUTION, ETC. | |
| Place of publication, distribution, etc. | Rawalpindi |
| Name of publisher, distributor, etc. | MCS (NUST) |
| Date of publication, distribution, etc. | June, 2021 |
| 300 ## - PHYSICAL DESCRIPTION | |
| Extent | 58 p.; |
| 505 ## - FORMATTED CONTENTS NOTE | |
| Formatted contents note | Introduction (Page-1), working Methodology (Page-8), Graphic User Interface and Integration with Robot (Page-17), References (Page-58). |
| 650 ## - SUBJECT ADDED ENTRY--TOPICAL TERM | |
| Topical term or geographic name entry element | UG Project |
| 9 (RLIN) | 131132 |
| 651 ## - SUBJECT ADDED ENTRY--GEOGRAPHIC NAME | |
| Geographic name | (BETE-54 /TCC-29) |
| 9 (RLIN) | 132912 |
| 700 ## - ADDED ENTRY--PERSONAL NAME | |
| Personal name | Supervised by Attiq Ahmad |
| 9 (RLIN) | 132942 |
| 942 ## - ADDED ENTRY ELEMENTS (KOHA) | |
| Source of classification or shelving scheme | |
| Koha item type | Project Report |
| Withdrawn status | Lost status | Source of classification or shelving scheme | Damaged status | Not for loan | Permanent Location | Current Location | Shelving location | Date acquired | Total Checkouts | Full call number | Barcode | Date last seen | Price effective from | Koha item type | Public note |
|---|---|---|---|---|---|---|---|---|---|---|---|---|---|---|---|
| Military College of Signals (MCS) | Military College of Signals (MCS) | Reference | 01/27/2026 | 621.382,RIA | MCSPTE-309 | 01/27/2026 | 01/27/2026 | Project Report | Almirah No.90, Shelf No.5 |
